000
00251nam a2200109Ia 4500
008
190216s9999||||xx |||||||||||||| ||und||
100
_a
Moulana Moududi
245
0
_a
Budhiyude Vidhi
260
_b
Islahi Publications
650
_a
Padanam
942
_c
BK
999
_c
24596
_d
24596